00374nam a2200109Ia 4500001000800000005001700008008004100025245003400066260003100100999002100131952011200152120597420251013152131.0250824s9999 xx 000 0 und d 0aJURNAL-2 cCEMİL MERİÇ bİLETİŞİM YAYINLARI c1205974d1205974 00102ddc4070a1101b1101d2025-08-24l1oÇ-1p1101414r2025-12-02 11:48:59s2025-12-02w2025-08-27yBK